1233 1135 1875 1052 1318 1457 1880 1891 1551 1121 1987 1785 1979 1689 1694 1295 1641 1865 1947 1819 1528 1088 1275 1788 1649 1372 1660 1809 1780 1546 1432 1400 1270 1589 1181 1481 1684 1118 1548 1787 1816 1833 1317 1114 1139 1569 1500 1645 1234 1988 1642 1125 1038 1286 1149 1784 1232 1441 1257 1645 1214 1969 1182 1484 1847 1833 1941 1815 1201 1565 1174 1317 1964 1955 1312 1618 1814 1240 1198 1413 1196 1534 1203 1115 1449 1756 1027 1029 1831 1213 1584 1670 1417 1394 1635 1660 1052 1968 1542 BCNSPRNW ULIB Ver.6.0+V

เปลี่ยนเป็นภาษาไทย

Change to English
 แสดงรายละเอียดบรรณานุกรม
  กลับหน้าหลัก

Brief Record : Get Marc (ISO 2709) : E-mail record : QR code < ปิดหน้าต่าง
LEADER : 00000nam 2200000uu 4500
001    13399124692
003     ULIB
008    160114s2558||||th 000 0 tha d
020    9786165519779
060  4 WM274^b445
100 0  ภัทรภร พลพนาธรรม
245 10 การกระจายตัวของจุดจำหน่ายเครื่องดื่มแอลกอฮอล์รอบมหาวิทยาลัยในกรุงเทพฯ และปริมณฑล /^cศูนย์วิจัยปัญหา ; หยาดฝน ธัญโชติกานต์, บรรณาธิการ
250    พิมพ์ครั้งที่ 1
260    กรุงเทพฯ :เดือนตุลา,ุู^c2558
300    185 หน้า :^bภาพประกอบ
700    หยาดฝน ธัญโชติกานต์;eบรรณาธิการ
945    ^p0^l0^i000233
945    ^p0^l0^i000234
999    ^aเกษร โพธิ์สุวรรณ
รายการนี้ยังไม่มีแท็ก
คุณยังไม่ได้ล็อกอิน คุณสามารถมีกิจกรรมร่วมกับเว็บไซต์ได้ แต่ต้องล็อกอินก่อน ::
  ล็อกอิน

รายการสื่อสารสนเทศ

ลำดับที่ ประเภท เลขเรียก/บาร์โค้ด สถานที่ สถานะ
1. วิทยาศาสตร์การแพทย์ และสุขภาพ
วิทยาศาสตร์การแพทย์ และสุขภาพ
สถานะ=หนังสือเก่า
WM274 445 ฉ.1 
  Barcode: 000233
ห้องสมุดวิทยาเขตสวรรค์ประชารักษ์
►ส่วนจัดเก็บหนังสือเก่า สปร
บนชั้น
  ขอยืม
2. วิทยาศาสตร์การแพทย์ และสุขภาพ
วิทยาศาสตร์การแพทย์ และสุขภาพ
สถานะ=หนังสือเก่า
WM274 445 ฉ.2 
  Barcode: 000234
ห้องสมุดวิทยาเขตสวรรค์ประชารักษ์
►ส่วนจัดเก็บหนังสือเก่า สปร
บนชั้น
  ขอยืม

รายการใกล้เคียง
    ผู้แต่ง [ภัทรภร พลพนาธรรม]

BibComment


ยังไม่เคยถูกคอมเมนท์

คอมเมนท์ทรัพยากรรายการนี้
  คอมเมนท์: การกระจายตัวของจุ..


 Copyright 2026. Bcnsprnw @Library